<The> Students Loans in Slovakia - The Economic Impact on National Student Suppert System Development

Ekonomický dopad študentských pôžičiek na národný systém podpory študentov na Slovensku. Systém sociálnej podpory pre terciárnych študentov na Slovensku. Rovnosť v prístupe k vysokoškolskému vzdelávaniu. Študentské pôžičky na Slovensku. Dôvody financovania vysokoškolského vzdelávania. Prognózy splác...

Descrizione completa

Salvato in:
Dettagli Bibliografici
Autore principale: Barteková, Mária, 1992-
Altri autori: Šlahor, Ľudomír
Natura: Capitolo di libro
Lingua:inglese
Soggetti:
Tags: Aggiungi Tag
Nessun Tag, puoi essere il primo ad aggiungerne!!

MARC

LEADER 00000naa a2200000 4500
001 0251159
005 20240502083718.7
041 0 |a eng 
044 |a HR 
245 1 0 |a <The> Students Loans in Slovakia - The Economic Impact on National Student Suppert System Development  |c Mária Barteková, Ľudomír Šlahor 
520 |a Ekonomický dopad študentských pôžičiek na národný systém podpory študentov na Slovensku. Systém sociálnej podpory pre terciárnych študentov na Slovensku. Rovnosť v prístupe k vysokoškolskému vzdelávaniu. Študentské pôžičky na Slovensku. Dôvody financovania vysokoškolského vzdelávania. Prognózy splácania pôžičiek. 
610 2 0 |a Slovensko 
610 2 0 |a pôžičky 
610 2 0 |a študenti 
610 2 0 |a vzdelanie vysokoškolské 
610 2 0 |a vzdelávanie ďalšie 
610 2 0 |a granty 
100 1 |a Barteková, Mária, 1992- 
700 1 |a Šlahor, Ľudomír